What NFL Team Where They On?? - Statistics

General Stats
  • This quiz has been taken 15 times
  • The average score is 8 of 11
Answer Stats
Hint Answer % Correct
Robbie Gould (K) 2016 Giants
86%
OBJ (WR) 2016 Giants
86%
Dick Butkis (LB) 1967 Bears
71%
TY Hilton (WR) 2022 Cowboys
71%
Andy Dalton (QB) 2020 Cowboys
71%
Jerry Rice (WR) 2004 Seahawks
71%
Micheal Vick (QB) 2015 Steelers
71%
Ryan Fitzpatrick (QB) 2009 Bills
57%
Warren Sapp (DT) 2004 Raiders
57%
Randy Moss (WR) 2010 Titans
57%
Adrian Peterson (RB) 2017 Saints
50%
No matching quizzes found
Score Distribution
Percent of People with Each Score
Percentile by Number Answered
Your Score History
You have not taken this quiz